| 000 | 00902cam a2200145ua 4500 | ||
|---|---|---|---|
| 041 |
_aeng _h |
||
| 082 |
_a631.312 _bIND/SP |
||
| 110 | 1 |
_aIndian Standard Institution . _b _c(New Delhi ) |
|
| 245 | _aSpecification for agricultural tillage discs, Part-I Concave type, IS:4366 (part I)1985 | ||
| 260 |
_aNew Delhi : _bIndian Standards Institution , _c1985. |
||
| 300 | _a16 ; . | ||
| 504 | _a | ||
| 942 | _cBK | ||
| 999 |
_c4483 _d4483 |
||